The Rehabilitation of the Government of Uganda (Record no. 110896)
[ view plain ]
| 000 -LEADER | |
|---|---|
| fixed length control field | 00672nam a2200253Ia 4500 |
| 003 - CONTROL NUMBER IDENTIFIER | |
| control field | LK-CoDNM |
| 008 - FIXED-LENGTH DATA ELEMENTS--GENERAL INFORMATION | |
| fixed length control field | 010623t1979 xxu||||| |||| 00| 1 eng d |
| 040 ## - CATALOGING SOURCE | |
| Original cataloging agency | LK-CoDNM |
| Modifying agency | LK-CoDNM |
| Description conventions | LK-CoDNM |
| 041 ## - LANGUAGE CODE | |
| Language code of text/sound track or separate title | English |
| 080 ## - UNIVERSAL DECIMAL CLASSIFICATION NUMBER | |
| Universal Decimal Classification number | 339 |
| Item number | REH |
| 942 ## - ADDED ENTRY ELEMENTS (KOHA) | |
| Koha item type | Books |
| 100 ## - MAIN ENTRY--PERSONAL NAME | |
| Personal name | Belshaw, Deryke |
| 700 ## - ADDED ENTRY--PERSONAL NAME | |
| Personal name | Helleiner, Garry |
| 700 ## - ADDED ENTRY--PERSONAL NAME | |
| Personal name | Montsi, Sam |
| 700 ## - ADDED ENTRY--PERSONAL NAME | |
| Personal name | Nowlan, David |
| 700 ## - ADDED ENTRY--PERSONAL NAME | |
| Personal name | Peckham, Donald |
| 700 ## - ADDED ENTRY--PERSONAL NAME | |
| Personal name | Richardson, Egerton |
| 700 ## - ADDED ENTRY--PERSONAL NAME | |
| Personal name | Sardana, P.K. |
| 700 ## - ADDED ENTRY--PERSONAL NAME | |
| Personal name | Seers, Dudley |
| 700 ## - ADDED ENTRY--PERSONAL NAME | |
| Personal name | Stent, William |
| 245 ## - TITLE STATEMENT | |
| Title | The Rehabilitation of the Government of Uganda |
| 260 ## - PUBLICATION, DISTRIBUTION, ETC. (IMPRINT) | |
| Name of publisher, distributor, etc. | Commonwealth Secretariat |
| Place of publication, distribution, etc. | London |
| Date of publication, distribution, etc. | 1979 |
| 300 ## - PHYSICAL DESCRIPTION | |
| Other physical details | 24p, 29.5 cm |
| Withdrawn status | Lost status | Damaged status | Not for loan | Collection code | Permanent Location | Current Location | Date acquired | Full call number | Koha item type |
|---|---|---|---|---|---|---|---|---|---|
| Monographs | Library National Museum Colombo - Sri Lanka | Library National Museum Colombo - Sri Lanka | 2023-08-02 | 339REH | Books |


